Silenzio degli innocenti (Il). Adolescenti, media e violenza (Record n. 89338)
[ formato base ]
| 000 -LEADER | |
|---|---|
| fixed length control field | 01290nam a2200313Ia 4500 |
| 001 - CONTROL NUMBER | |
| control field | H2696 |
| 003 - CONTROL NUMBER IDENTIFIER | |
| control field | IT-RoPAU |
| 008 - FIXED-LENGTH DATA ELEMENTS--GENERAL INFORMATION | |
| fixed length control field | 130308s9999 xx 000 0 und d |
| 040 ## - CATALOGING SOURCE | |
| Original cataloging agency | IT-RoPAU |
| 040 ## - CATALOGING SOURCE | |
| Transcribing agency | IT-RoPAU |
| 041 ## - LANGUAGE CODE | |
| Language code of text/sound track or separate title | ITALIANO |
| 100 ## - MAIN ENTRY--PERSONAL NAME | |
| Personal name | AA.VV. |
| 100 ## - MAIN ENTRY--PERSONAL NAME | |
| Miscellaneous information | Codice Aut. SPICS: 12000 |
| 245 ## - TITLE STATEMENT | |
| Title | Silenzio degli innocenti (Il). Adolescenti, media e violenza |
| 245 ## - TITLE STATEMENT | |
| Remainder of title | Silenzio degli innocenti (Il). Adolescenti, Media e Violenza |
| 250 ## - EDITION STATEMENT | |
| Edition statement | 1a ed. |
| 260 ## - PUBLICATION, DISTRIBUTION, ETC. (IMPRINT) | |
| Place of publication, distribution, etc. | TORINO |
| 260 ## - PUBLICATION, DISTRIBUTION, ETC. (IMPRINT) | |
| Name of publisher, distributor, etc. | Lindau |
| 260 ## - PUBLICATION, DISTRIBUTION, ETC. (IMPRINT) | |
| Date of publication, distribution, etc. | 2003 [1° Ed.:2003 - Ed.Ling.Originale:2003] |
| 300 ## - PHYSICAL DESCRIPTION | |
| Extent | "136 p. (prefazione: no ; testo: 136 [pagine: 0-0])" |
| 500 ## - GENERAL NOTE | |
| General note | "Ricerca del Centro Studi Cinematografici (Csc), che prende Come Soggetto dell'Indagine Lo spettatore Adolescente, Cercando di Porre in relazione Il suo Oggettivo e Quantitativamente Notevole consumo dei Media con la Violenzadel Loro Comportamento Individuale e Sociale. Introduzione e cura di M. Repetto e C. Tagliabue. in ""Media"" Non Stat Virtus? di C. Tagliabue." |
| 650 ## - SUBJECT ADDED ENTRY--TOPICAL TERM | |
| Topical term or geographic name as entry element | PSICOLOGIA DELLA COMUNICAZIONE SOCIALE |
| 650 ## - SUBJECT ADDED ENTRY--TOPICAL TERM | |
| Relator term | Codice materia Spics: 3805 |
| 700 ## - ADDED ENTRY--PERSONAL NAME | |
| Personal name | Repetto MonicaTagliabue Carlo |
| 700 ## - ADDED ENTRY--PERSONAL NAME | |
| Miscellaneous information | Codice Aut. SPICS: 49276Codice Aut. SPICS: 882 |
| 942 ## - ADDED ENTRY ELEMENTS (KOHA) | |
| Koha item type | LIBRO |
| 957 ## - | |
| -- | 1 |
| 999 ## - SYSTEM CONTROL NUMBERS (KOHA) | |
| -- | 1 |
| Withdrawn status | Lost status | Damaged status | Not for loan | Home library | Current library | Date acquired | Total Checkouts | Full call number | Date last seen | Price effective from | Koha item type | Public note |
|---|---|---|---|---|---|---|---|---|---|---|---|---|
| Buone Condizioni | Not For Loan | SPICS-MEDIATECA | SPICS-MEDIATECA | 08/03/2013 | H2696 | 08/03/2013 | 08/03/2013 | LIBRO | Progressivo inserimento: 13533 / N. Volumi: 1 Copie: 1 / data import: 1 marzo 2013 - By Epidotti, Trombetti, Vaglietti. |